000
00190nam a2200073Ia 4500
008
170524s9999 xx 000 0 und d
100
_a
COHEN- STEVEN
245
0
_a
NEGOTIATING SKILLS FOR MANAGERS
260
_b
TATA MCGRAW HILL
999
_c
8103
_d
8103